[Event "Mittelrhein Verbandsliga Nord 1920"]
[Site "Mittelrhein"]
[Date "2019.10.27"]
[Round "2.4"]
[White "Baldus, Alexander"]
[Black "Huebner, Wolfgang"]
[Result "1/2-1/2"]
[WhiteElo "1855"]
[BlackElo "1988"]
[PlyCount "29"]
[EventDate "2019.09.29"]
[EventType "team-tourn"]
[EventRounds "9"]
[EventCountry "GER"]
[SourceTitle "EXT 2023"]
[Source "ChessBase"]
[SourceDate "2022.10.05"]
[SourceVersion "1"]
[SourceVersionDate "2022.10.05"]
[SourceQuality "1"]
[WhiteTeam "Pulheim"]
[BlackTeam "Klub Koelner SF III"]
[WhiteTeamCountry "GER"]
[BlackTeamCountry "GER"]

1. Nf3 Nf6 2. g3 g6 3. Bg2 Bg7 4. d3 0-0 5. e4 c5 6. 0-0 Nc6 7. c3 d5 8. exd5 Nxd5 9. Nbd2 e5 10. Re1 Re8 11. Qb3 Na5 12. Qc2 b6 13. Nc4 Nc6 14. Qb3 Bb7 15. Ng5 1/2-1/2

[Event "Mittelrhein Verbandsliga-S 17/18"]
[Site "Nordrheinwestfalen"]
[Date "2018.05.06"]
[Round "11.7"]
[White "Moews, Thomas"]
[Black "Huebner, Wolfgang"]
[Result "0-1"]
[WhiteElo "1729"]
[BlackElo "1985"]
[PlyCount "62"]
[EventDate "2017.09.10"]
[EventType "team-tourn"]
[EventRounds "11"]
[EventCountry "GER"]
[SourceTitle "EXT 2022"]
[Source "ChessBase"]
[SourceDate "2021.10.06"]
[SourceVersion "1"]
[SourceVersionDate "2021.10.06"]
[SourceQuality "1"]
[WhiteTeam "Troisdorf"]
[BlackTeam "Koeln SF III"]
[WhiteTeamCountry "GER"]
[BlackTeamCountry "GER"]

1. d4 d5 2. Nf3 Nf6 3. e3 Bg4 4. Be2 e6 5. b3 Nbd7 6. Bb2 Bd6 7. 0-0 Qe7 8. c4 c6 9. Nc3 0-0 10. Rc1 Rfe8 11. h3 Bh5 12. cxd5 exd5 13. Na4 Ne4 14. Nd2 Bg6 15. Nxe4 Bxe4 16. Nc3 Nf6 17. Bd3 Rad8 18. Bxe4 Nxe4 19. Nxe4 Qxe4 20. Qg4 f5 21. Qxe4 Rxe4 22. Rc3 f4 23. Bc1 Rf8 24. Rd3 Re6 25. Rfd1 f3 26. g3 h5 27. Kh1 Kh7 28. Rg1 Re4 29. Rdd1 Kg6 30. h4 Kf5 31. Kh2 Rxh4# 0-1

[Event "Mittelrhein Verbandsliga-S 17/18"]
[Site "Nordrheinwestfalen"]
[Date "2018.02.04"]
[Round "7.8"]
[White "Huebner, Wolfgang"]
[Black "Jonas, Rainer"]
[Result "1-0"]
[WhiteElo "1979"]
[BlackElo "1799"]
[PlyCount "55"]
[EventDate "2017.09.10"]
[EventType "team-tourn"]
[EventRounds "11"]
[EventCountry "GER"]
[SourceTitle "EXT 2022"]
[Source "ChessBase"]
[SourceDate "2021.10.06"]
[SourceVersion "1"]
[SourceVersionDate "2021.10.06"]
[SourceQuality "1"]
[WhiteTeam "Koeln SF III"]
[BlackTeam "Rheinbacher SF"]
[WhiteTeamCountry "GER"]
[BlackTeamCountry "GER"]

1. e4 c6 2. d4 d5 3. e5 Bf5 4. c4 dxc4 5. Bxc4 e6 6. Nc3 Ne7 7. Nge2 Nd7 8. 0-0 Nb6 9. Bb3 Ned5 10. Ng3 Bg6 11. f4 Be7 12. f5 exf5 13. Nxf5 0-0 14. Qf3 Qd7 15. Ne4 Qxf5 16. Qxf5 Bxf5 17. Rxf5 Rad8 18. Bg5 Bxg5 19. Nxg5 h6 20. Ne4 Ne3 21. Rf3 Ned5 22. Nd6 Rd7 23. Raf1 Nc8 24. Nf5 Re8 25. Rg3 g6 26. Nxh6+ Kf8 27. Rxg6 Ke7 28. Rxf7+ 1-0

[Event "Mittelrhein Verbandsliga-S 17/18"]
[Site "Nordrheinwestfalen"]
[Date "2018.01.14"]
[Round "6.8"]
[White "Blumenthal, Ralf"]
[Black "Huebner, Wolfgang"]
[Result "1-0"]
[WhiteElo "1784"]
[BlackElo "1979"]
[PlyCount "109"]
[EventDate "2017.09.10"]
[EventType "team-tourn"]
[EventRounds "11"]
[EventCountry "GER"]
[SourceTitle "EXT 2022"]
[Source "ChessBase"]
[SourceDate "2021.10.06"]
[SourceVersion "1"]
[SourceVersionDate "2021.10.06"]
[SourceQuality "1"]
[WhiteTeam "Euskirchen Turm"]
[BlackTeam "Koeln SF III"]
[WhiteTeamCountry "GER"]
[BlackTeamCountry "GER"]

1. e4 e5 2. Nc3 Nf6 3. g3 Nc6 4. Bg2 Bc5 5. d3 d6 6. Nf3 Bg4 7. h3 Bxf3 8. Bxf3 Nd4 9. Bg2 c6 10. Be3 Ne6 11. 0-0 0-0 12. a3 Qe7 13. Qd2 Rad8 14. Na4 Bxe3 15. Qxe3 Nd4 16. Rac1 b5 17. Nc3 a5 18. Ne2 Nxe2+ 19. Qxe2 d5 20. Rfe1 Rfe8 21. exd5 cxd5 22. d4 e4 23. Qxb5 Rb8 24. Qxa5 Rxb2 25. c4 dxc4 26. Rxc4 Rb3 27. a4 e3 28. fxe3 Rxe3 29. Rxe3 Qxe3+ 30. Kh2 h5 31. Qc3 Qf2 32. Qc2 Qe1 33. Rc8 h4 34. Rxe8+ Nxe8 35. gxh4 Qxh4 36. Qe4 Qd8 37. a5 Nc7 38. Qe5 Ne6 39. a6 Qb6 40. d5 Nc7 41. Qe7 Nxa6 42. Qe8+ Kh7 43. Qxf7 Qd6+ 44. Kg1 Nc5 45. Qf5+ Kg8 46. Qc8+ Kh7 47. Qc6 Qe7 48. Qb5 Qe3+ 49. Kh2 Qe5+ 50. Kh1 Qd4 51. Qe2 Kh6 52. Qe8 g6 53. Qf8+ Kh7 54. Qe7+ Kg8 55. d6 1-0

[Event "Mittelrhein Regionalliga 15/16"]
[Site "Nordrheinwestfalen"]
[Date "2016.01.31"]
[Round "6.6"]
[White "Huebner, Wolfgang"]
[Black "Bekritski, Evgeni"]
[Result "1-0"]
[WhiteElo "2026"]
[BlackElo "1921"]
[PlyCount "45"]
[EventDate "2015.09.27"]
[EventType "team-tourn"]
[EventRounds "9"]
[EventCountry "GER"]
[SourceTitle "EXT 2022"]
[Source "ChessBase"]
[SourceDate "2021.10.06"]
[SourceVersion "1"]
[SourceVersionDate "2021.10.06"]
[SourceQuality "1"]
[WhiteTeam "Koeln SF II"]
[BlackTeam "Koeln Ford SF"]
[WhiteTeamCountry "GER"]
[BlackTeamCountry "GER"]

1. e4 c5 2. Nf3 d6 3. d4 cxd4 4. Nxd4 Nf6 5. Nc3 a6 6. Be2 Nbd7 7. 0-0 Qc7 8. f4 b6 9. Bf3 Bb7 10. Qe2 e6 11. Kh1 Be7 12. e5 Ng8 13. f5 Nxe5 14. fxe6 f6 15. Bxb7 Qxb7 16. Bf4 Rd8 17. Rad1 Bf8 18. Nf5 g6 19. Bxe5 fxe5 20. Ne3 Be7 21. Ned5 Nh6 22. Ne4 Nf5 23. Rxf5 1-0

[Event "Mittelrhein Regionalliga 15/16"]
[Site "Nordrheinwestfalen"]
[Date "2015.10.18"]
[Round "2.5"]
[White "Huebner, Wolfgang"]
[Black "Hackbusch, Thomas"]
[Result "1/2-1/2"]
[WhiteElo "2028"]
[BlackElo "1893"]
[PlyCount "28"]
[EventDate "2015.09.27"]
[EventType "team-tourn"]
[EventRounds "9"]
[EventCountry "GER"]
[SourceTitle "EXT 2022"]
[Source "ChessBase"]
[SourceDate "2021.10.06"]
[SourceVersion "1"]
[SourceVersionDate "2021.10.06"]
[SourceQuality "1"]
[WhiteTeam "Koeln SF II"]
[BlackTeam "Porz SG III"]
[WhiteTeamCountry "GER"]
[BlackTeamCountry "GER"]

1. e4 d6 2. d4 Nf6 3. Nc3 g6 4. f4 Bg7 5. Nf3 c5 6. Be3 cxd4 7. Nxd4 0-0 8. Be2 Nbd7 9. Qd2 a6 10. 0-0-0 Qc7 11. Kb1 b5 12. Bf3 Bb7 13. Rhe1 Rfd8 14. Bf2 e5 1/2-1/2

[Event "Regionalliga Mittelrhein 1213"]
[Site "Germany"]
[Date "2013.05.26"]
[Round "11.3"]
[White "Haskelman, Evgen"]
[Black "Huebner, Wolfgang"]
[Result "1-0"]
[WhiteElo "2149"]
[BlackElo "2087"]
[PlyCount "109"]
[EventDate "2012.09.09"]
[EventType "team"]
[EventRounds "11"]
[EventCountry "GER"]
[SourceTitle "EXT 2015"]
[Source "ChessBase"]
[SourceDate "2014.11.20"]
[SourceVersion "1"]
[SourceVersionDate "2014.11.20"]
[SourceQuality "1"]
[WhiteTeam "Koeln Ford SF"]
[BlackTeam "Koeln SF II"]
[WhiteTeamCountry "GER"]
[BlackTeamCountry "GER"]

1. e4 e5 2. Bc4 Nf6 3. Nc3 Bb4 4. a3 Bxc3 5. dxc3 0-0 6. Qf3 d6 7. Bg5 Be6 8. Bd3 Nbd7 9. h3 c6 10. Ne2 d5 11. Ng3 Qb6 12. 0-0-0 c5 13. exd5 Bxd5 14. Ne4 c4 15. Bxf6 cxd3 16. Be7 Rfe8 17. Qxd3 Bxe4 18. Qxd7 Bxg2 19. Rhg1 Bxh3 20. Qxh3 Rxe7 21. Qg3 Qf6 22. Kb1 g6 23. Rd5 Rae8 24. Rgd1 Kg7 25. Rd6 Re6 26. Rd7 R8e7 27. Rd8 Qf4 28. Qg2 e4 29. R1d4 Rf6 30. Rd2 e3 31. fxe3 Qxe3 32. Qd5 Rf1+ 33. Ka2 Rf5 34. Qd6 Rf6 35. Qd5 Qe6 36. c4 Rc7 37. b3 a6 38. Rb8 Qe7 39. Rd1 Rf5 40. Qd4+ Qf6 41. Qe3 Rf1 42. Rd4 Re7 43. Qd3 Ree1 44. Rbd8 Rf4 45. b4 Rxd4 46. Rxd4 h5 47. Rd6 Qa1+ 48. Kb3 Qe5 49. Ka4 b5+ 50. cxb5 axb5+ 51. Ka5 Re3 52. Qd5 Rxa3+ 53. Kxb5 Qe8+ 54. Rd7 Ra7 55. Qd4+ 1-0

[Event "Regionalliga Mittelrhein 1213"]
[Site "Germany"]
[Date "2013.05.05"]
[Round "10.3"]
[White "Huebner, Wolfgang"]
[Black "Krutwig, Longlong"]
[Result "0-1"]
[WhiteElo "2087"]
[BlackElo "2190"]
[PlyCount "68"]
[EventDate "2012.09.09"]
[EventType "team"]
[EventRounds "11"]
[EventCountry "GER"]
[SourceTitle "EXT 2015"]
[Source "ChessBase"]
[SourceDate "2014.11.20"]
[SourceVersion "1"]
[SourceVersionDate "2014.11.20"]
[SourceQuality "1"]
[WhiteTeam "Koeln SF II"]
[BlackTeam "Gruenfeld"]
[WhiteTeamCountry "GER"]
[BlackTeamCountry "GER"]

1. e4 e6 2. d4 d5 3. Nc3 Nf6 4. e5 Nfd7 5. Nf3 c5 6. dxc5 Bxc5 7. Bd3 Nc6 8. Bf4 a6 9. 0-0 b5 10. Ne2 Qc7 11. Re1 Ndxe5 12. Nxe5 Nxe5 13. c3 Bd6 14. Nd4 Nxd3 15. Bxd6 Qxd6 16. Nf5 Qc7 17. Qxd3 0-0 18. Ne3 Bb7 19. a4 Bc6 20. Ng4 Rfb8 21. Re3 bxa4 22. Rae1 Rxb2 23. Rh3 h6 24. Rg3 Qf4 25. h3 Rd2 26. Qb1 Rb8 27. Qc1 Rxf2 28. Nxh6+ Kh7 29. Qxf4 Rxf4 30. Ng4 Rb3 31. Ne5 Be8 32. Rc1 f6 33. Nd3 Rc4 34. Nb4 Rbxb4 0-1

[Event "Regionalliga Mittelrhein 1213"]
[Site "Germany"]
[Date "2013.02.03"]
[Round "7.2"]
[White "Goossens, Etienne"]
[Black "Huebner, Wolfgang"]
[Result "1-0"]
[WhiteElo "2211"]
[BlackElo "2087"]
[PlyCount "65"]
[EventDate "2012.09.09"]
[EventType "team"]
[EventRounds "11"]
[EventCountry "GER"]
[SourceTitle "EXT 2015"]
[Source "ChessBase"]
[SourceDate "2014.11.20"]
[SourceVersion "1"]
[SourceVersionDate "2014.11.20"]
[SourceQuality "1"]
[WhiteTeam "Wuerselen"]
[BlackTeam "Koeln SF II"]
[WhiteTeamCountry "GER"]
[BlackTeamCountry "GER"]

1. d4 d5 2. c4 e6 3. Nf3 Nf6 4. g3 Be7 5. Bg2 0-0 6. 0-0 Nbd7 7. Qc2 c6 8. Nbd2 b6 9. e4 Bb7 10. e5 Ne8 11. Rd1 Rc8 12. cxd5 cxd5 13. Qa4 a6 14. Nf1 b5 15. Qb3 Nb6 16. h4 Nc4 17. Bh3 Nc7 18. N1h2 Qd7 19. Qd3 b4 20. Ng5 Bxg5 21. hxg5 a5 22. Ng4 Ba6 23. Qf3 Ne8 24. Kg2 a4 25. Rh1 a3 26. bxa3 Nxa3 27. Nf6+ Nxf6 28. gxf6 Rc2 29. Bxa3 bxa3 30. Bf5 exf5 31. Rxh7 Kxh7 32. Qh5+ Kg8 33. Qg5 1-0

[Event "Regionalliga Mittelrhein 1213"]
[Site "Germany"]
[Date "2013.01.13"]
[Round "6.3"]
[White "Mantau, Jan"]
[Black "Huebner, Wolfgang"]
[Result "1-0"]
[WhiteElo "2169"]
[BlackElo "2087"]
[PlyCount "87"]
[EventDate "2012.09.09"]
[EventType "team"]
[EventRounds "11"]
[EventCountry "GER"]
[SourceTitle "EXT 2015"]
[Source "ChessBase"]
[SourceDate "2014.11.20"]
[SourceVersion "1"]
[SourceVersionDate "2014.11.20"]
[SourceQuality "1"]
[WhiteTeam "Godesberg II"]
[BlackTeam "Koeln SF II"]
[WhiteTeamCountry "GER"]
[BlackTeamCountry "GER"]

1. e4 e5 2. Nf3 Nc6 3. Bc4 Bc5 4. c3 Nf6 5. b4 Bb6 6. d3 d6 7. a4 a6 8. Nbd2 0-0 9. Bb3 Qe7 10. Nc4 Ba7 11. Bg5 h6 12. Bh4 Be6 13. 0-0 Bxc4 14. Bxc4 Nd8 15. d4 g5 16. dxe5 dxe5 17. Bg3 Nc6 18. Bd5 Rad8 19. Qb3 Nh5 20. b5 Nxg3 21. hxg3 Nb8 22. Bxb7 axb5 23. axb5 Bb6 24. Bd5 Nd7 25. Rad1 Kg7 26. Nd2 Nf6 27. Nc4 Bc5 28. Na5 Ng4 29. Rd2 Rd6 30. Qd1 h5 31. Nb7 Rf6 32. Nxc5 Qxc5 33. c4 Rd8 34. Qe2 Rdd6 35. Kh1 Rh6 36. Rd3 Rdf6 37. Rf3 Qe7 38. Rxf6 Qxf6 39. c5 h4 40. Qxg4 hxg3+ 41. Kg1 Rh4 42. Qxg3 g4 43. Rd1 Qh6 44. Kf1 1-0

[Event "Regionalliga Mittelrhein 1213"]
[Site "Germany"]
[Date "2012.11.11"]
[Round "4.3"]
[White "Koehler, Christian Friedrich"]
[Black "Huebner, Wolfgang"]
[Result "1-0"]
[WhiteElo "2097"]
[BlackElo "2087"]
[PlyCount "81"]
[EventDate "2012.09.09"]
[EventType "team"]
[EventRounds "11"]
[EventCountry "GER"]
[SourceTitle "EXT 2015"]
[Source "ChessBase"]
[SourceDate "2014.11.20"]
[SourceVersion "1"]
[SourceVersionDate "2014.11.20"]
[SourceQuality "1"]
[WhiteTeam "Godesberg IV"]
[BlackTeam "Koeln SF II"]
[WhiteTeamCountry "GER"]
[BlackTeamCountry "GER"]

1. c4 e6 2. d4 d5 3. Nc3 Nf6 4. cxd5 Nxd5 5. e4 Nxc3 6. bxc3 c5 7. Nf3 cxd4 8. cxd4 Bb4+ 9. Bd2 Bxd2+ 10. Qxd2 0-0 11. Bc4 Nc6 12. 0-0 Qd6 13. e5 Qe7 14. Rad1 Rd8 15. Qe3 Bd7 16. Ng5 Rac8 17. Bd3 h6 18. Ne4 Nb4 19. Bb1 Bc6 20. a3 Nd5 21. Qd3 g6 22. f4 Kg7 23. Ba2 a6 24. Rf2 Ba4 25. Re1 Bb5 26. Qg3 Bc4 27. Bb1 b5 28. h4 h5 29. f5 exf5 30. Rxf5 Qa7 31. Nd6 Qxd4+ 32. Kh1 Ne7 33. Rxh5 Rh8 34. Rxh8 Rxh8 35. Be4 Rh5 36. Ne8+ Kf8 37. Nf6 Nf5 38. Bxf5 Rxh4+ 39. Bh3 Be6 40. Qf3 Bxh3 41. gxh3 1-0

[Event "EU-chT Seniors"]
[Site "Rogaska Slatina"]
[Date "2012.04.04"]
[Round "9.19"]
[White "McKerracher, Douglas"]
[Black "Huebner, Wolfgang"]
[Result "1-0"]
[WhiteElo "2015"]
[BlackElo "2188"]
[PlyCount "83"]
[EventDate "2012.03.27"]
[EventType "team-swiss"]
[EventRounds "9"]
[EventCountry "SLO"]
[SourceTitle "CBM 147 Extra"]
[Source "ChessBase"]
[SourceDate "2012.04.24"]
[SourceVersion "1"]
[SourceVersionDate "2012.04.24"]
[SourceQuality "1"]
[WhiteTeam "Scotland (Seniors) II"]
[BlackTeam "Rheinland (Seniors)"]
[WhiteTeamCountry "SCO"]
[BlackTeamCountry "GER"]

1. e4 c5 2. Nc3 e6 3. g3 d5 4. exd5 exd5 5. Bg2 Nf6 6. d3 d4 7. Ne4 Nxe4 8. dxe4 Be7 9. Ne2 0-0 10. 0-0 Nc6 11. a3 a5 12. Nf4 a4 13. Re1 Ne5 14. Nd5 Bg4 15. f3 Be6 16. Qe2 c4 17. f4 d3 18. Nxe7+ Qxe7 19. Qh5 Ng4 20. h3 Nf6 21. Qf3 Rfd8 22. Be3 dxc2 23. Rac1 b5 24. Rxc2 Rac8 25. Bd2 Rd3 26. Qf2 Qc7 27. Bf1 Rdd8 28. Bc3 Bd7 29. Rd2 Bc6 30. Bg2 Rxd2 31. Qxd2 Rd8 32. Qe2 Re8 33. Bxf6 gxf6 34. Qg4+ Kh8 35. Qh4 Kg8 36. e5 fxe5 37. Qg5+ Kf8 38. Qh6+ Kg8 39. Qxc6 Qxc6 40. Bxc6 Rc8 41. Bxb5 exf4 42. Re8+ 1-0

[Event "EU-chT Seniors"]
[Site "Rogaska Slatina"]
[Date "2012.03.28"]
[Round "2.12"]
[White "Huebner, Wolfgang"]
[Black "Rooze, Jan"]
[Result "0-1"]
[WhiteElo "2188"]
[BlackElo "2325"]
[PlyCount "90"]
[EventDate "2012.03.27"]
[EventType "team-swiss"]
[EventRounds "9"]
[EventCountry "SLO"]
[SourceTitle "CBM 147 Extra"]
[Source "ChessBase"]
[SourceDate "2012.04.24"]
[SourceVersion "1"]
[SourceVersionDate "2012.04.24"]
[SourceQuality "1"]
[WhiteTeam "Rheinland (Seniors)"]
[BlackTeam "Belgium (Seniors)"]
[WhiteTeamCountry "GER"]
[BlackTeamCountry "BEL"]

1. e4 c5 2. Nf3 Nc6 3. d4 cxd4 4. Nxd4 Qb6 5. Nb3 Nf6 6. Nc3 e6 7. Be3 Qc7 8. Bd3 a6 9. 0-0 Be7 10. f4 d6 11. a4 b6 12. Kh1 Bb7 13. Qe2 0-0 14. Nd4 Nb4 15. Rad1 Rfe8 16. Bf2 Rac8 17. e5 Nxd3 18. cxd3 Nd5 19. Nxd5 Bxd5 20. Bg3 dxe5 21. fxe5 Qd7 22. Rf4 Qxa4 23. Nf5 Qc2 24. Nxe7+ Rxe7 25. Rd2 Qb1+ 26. Rf1 Rc1 27. Rxc1 Qxc1+ 28. Rd1 Qc6 29. Bf4 Rc7 30. h3 Qc2 31. Qxc2 Rxc2 32. Rd2 Rc1+ 33. Kh2 Kf8 34. Be3 Rc6 35. Rd1 Ke8 36. Rc1 Rxc1 37. Bxc1 Kd7 38. g4 Bb3 39. Kg3 Bc2 40. d4 Kc6 41. Kf4 Kd5 42. Ke3 Kc4 43. Bd2 Kb3 44. Bc3 b5 45. Kd2 b4 0-1

[Event "EU-chT Seniors 10th"]
[Site "Dresden"]
[Date "2008.02.12"]
[Round "2.3"]
[White "Huebner, Wolfgang"]
[Black "Zakharov, Alexander V"]
[Result "0-1"]
[WhiteElo "2072"]
[BlackElo "2427"]
[PlyCount "70"]
[EventDate "2008.02.11"]
[EventType "team-swiss"]
[EventRounds "9"]
[EventCountry "GER"]
[SourceTitle "CBM 122 Extra"]
[Source "ChessBase"]
[SourceDate "2008.03.04"]
[SourceVersion "1"]
[SourceVersionDate "2008.03.04"]
[SourceQuality "1"]
[WhiteTeam "Rhein Sieg"]
[BlackTeam "Rostov Stiller Don"]
[WhiteTeamCountry "GER"]
[BlackTeamCountry "RUS"]

1. e4 c5 2. Nf3 e6 3. c4 Nc6 4. d4 cxd4 5. Nxd4 Nf6 6. Nxc6 bxc6 7. Bd3 d5 8. Nd2 Bb4 9. exd5 exd5 10. 0-0 0-0 11. Qc2 Re8 12. Nf3 Ne4 13. Be3 Bd6 14. Rfe1 Bg4 15. Be2 Bf5 16. Bd3 Bg6 17. Rad1 Qa5 18. Nd4 Rac8 19. f3 Nf6 20. Bxg6 hxg6 21. a3 Bc5 22. Qd3 dxc4 23. Qxc4 Rcd8 24. b4 Qxa3 25. Qxc5 Rxe3 26. Nxc6 Rxe1+ 27. Rxe1 Rd2 28. Qxa7 Qb2 29. Qb8+ Kh7 30. Qg3 Nh5 31. Qh3 Rc2 32. g4 Rxc6 33. gxh5 gxh5 34. Kh1 g6 35. Qd7 Rf6 0-1

[Event "NRW Class1 0607"]
[Site "Germany"]
[Date "2007.03.18"]
[Round "7.2"]
[White "Kniest, Oliver"]
[Black "Huebner, Wolfgang"]
[Result "1/2-1/2"]
[WhiteElo "2262"]
[BlackElo "2067"]
[PlyCount "77"]
[EventDate "2006.09.17"]
[EventType "team-tourn"]
[EventRounds "9"]
[EventCountry "GER"]
[SourceTitle "EXT 2008"]
[Source "ChessBase"]
[SourceDate "2007.11.25"]
[SourceVersion "1"]
[SourceVersionDate "2007.11.25"]
[SourceQuality "1"]
[WhiteTeam "Solingen III"]
[BlackTeam "Koeln SF II"]
[WhiteTeamCountry "GER"]
[BlackTeamCountry "GER"]

1. d4 d5 2. c4 e6 3. Nc3 Nf6 4. cxd5 Nxd5 5. e4 Nxc3 6. bxc3 c5 7. a3 cxd4 8. cxd4 Nc6 9. Nf3 Bd6 10. e5 Be7 11. Bd3 0-0 12. 0-0 Qd5 13. Bb2 Na5 14. Nd2 Bd7 15. Be4 Qb5 16. Qb1 g6 17. Bc3 Qb6 18. Bxa5 Qxa5 19. Qxb7 Rfd8 20. Nb3 Qa4 21. Bc2 Rab8 22. Qf3 Bc6 23. Qc3 Be4 24. Bd1 Rbc8 25. Qe3 Bd5 26. Nd2 Qa5 27. Ne4 Bxe4 28. Qxe4 Qc3 29. Bf3 Rxd4 30. Qb7 Rc7 31. Qb5 Kg7 32. h3 Qc5 33. a4 Rb4 34. Qe2 Rc4 35. Ra2 Rc2 36. Rxc2 Qxc2 37. Qxc2 Rxc2 38. Re1 Bc5 39. Re2 1/2-1/2

[Event "GER-chT2 LF-21 B4 email"]
[Site "GER email"]
[Date "2007.??.??"]
[Round "?"]
[White "Huebner, Wolfgang"]
[Black "Sander, Wolfgang"]
[Result "1/2-1/2"]
[WhiteElo "2153"]
[BlackElo "1953"]
[PlyCount "60"]
[EventDate "2007.??.??"]
[EventType "team (corr)"]
[EventRounds "9"]
[EventCountry "GER"]
[SourceTitle "Corr 2008"]
[Source "ChessBase"]
[SourceDate "2008.06.24"]
[SourceVersion "1"]
[SourceVersionDate "2008.06.24"]
[SourceQuality "1"]

1. e4 e5 2. Nf3 Nc6 3. Bb5 a6 4. Bxc6 dxc6 5. 0-0 Bd6 6. d4 exd4 7. Qxd4 f6 8. Be3 Be6 9. Nbd2 Ne7 10. Rad1 Ng6 11. Nc4 Bb4 12. Nb6 c5 13. Qxd8+ Rxd8 14. Rxd8+ Kxd8 15. Rd1+ Ke8 16. Nd5 Bxd5 17. Rxd5 c4 18. Kf1 Bd6 19. g3 Kd7 20. Rd1 Re8 21. Nd2 b5 22. f4 Kc6 23. Kf2 Nf8 24. Kf3 Ne6 25. h4 Bc5 26. Nf1 Bxe3 27. Nxe3 Nc5 28. Rd4 Ne6 29. Rd5 Nc5 30. Rd4 Ne6 1/2-1/2

[Event "GER-chT2 LF-21 B4 email"]
[Site "GER email"]
[Date "2007.??.??"]
[Round "?"]
[White "Huebner, Wolfgang"]
[Black "Winkler, Armin"]
[Result "1/2-1/2"]
[WhiteElo "2153"]
[BlackElo "1932"]
[PlyCount "59"]
[EventDate "2007.??.??"]
[EventType "team (corr)"]
[EventRounds "9"]
[EventCountry "GER"]
[SourceTitle "Corr 2008"]
[Source "ChessBase"]
[SourceDate "2008.06.24"]
[SourceVersion "1"]
[SourceVersionDate "2008.06.24"]
[SourceQuality "1"]

1. e4 c5 2. Nf3 e6 3. d4 cxd4 4. Nxd4 a6 5. c4 Nf6 6. Bd3 Nc6 7. Nxc6 dxc6 8. 0-0 e5 9. Qc2 Be6 10. Nd2 Qc7 11. Nf3 Bc5 12. Bd2 Bg4 13. Be2 0-0 14. Bc3 Bxf3 15. Bxf3 Bd4 16. Bxd4 exd4 17. c5 Qe5 18. Rad1 Rad8 19. Rfe1 Rfe8 20. Qc4 a5 21. a3 a4 22. Re2 Nd7 23. Rc2 Qg5 24. Qxd4 Ne5 25. Qc3 Nxf3+ 26. Qxf3 Rxd1+ 27. Qxd1 Rxe4 28. g3 Qe7 29. Qd3 g6 30. Rc4 1/2-1/2

[Event "Bad Ems Seniors op 3rd"]
[Site "Bad Ems"]
[Date "2006.03.04"]
[Round "1"]
[White "Huebner, Wolfgang"]
[Black "Fiedler, Eduard"]
[Result "1-0"]
[WhiteElo "2083"]
[BlackElo "1660"]
[PlyCount "83"]
[EventDate "2006.03.04"]
[EventType "swiss"]
[EventRounds "9"]
[EventCountry "GER"]
[SourceTitle "EXT 2007"]
[Source "ChessBase"]
[SourceDate "2006.11.23"]
[SourceVersion "1"]
[SourceVersionDate "2006.11.23"]
[SourceQuality "1"]

1. e4 d5 2. Nc3 d4 3. Nb1 e5 4. Nf3 Bd6 5. Bc4 h6 6. d3 c6 7. c3 b5 8. Bb3 Bg4 9. h3 Bxf3 10. Qxf3 Qf6 11. Qg4 Nd7 12. 0-0 Qg6 13. Qxg6 fxg6 14. cxd4 exd4 15. f4 Nc5 16. Bc2 Ne7 17. Nd2 0-0 18. Nb3 Nxb3 19. Bxb3+ Kh7 20. Bd2 a5 21. a3 a4 22. Ba2 Ra6 23. Rac1 Nc8 24. g4 Be7 25. Kg2 c5 26. e5 b4 27. Bd5 Nb6 28. Be4 Nd7 29. axb4 cxb4 30. Rc7 a3 31. bxa3 Rxa3 32. Rxd7 Ra2 33. Rxe7 Rxd2+ 34. Kg3 b3 35. Ra1 b2 36. Raa7 Rg8 37. Rab7 Re2 38. f5 Re3+ 39. Kg2 Re2+ 40. Kf3 Re3+ 41. Kf2 Rxe4 42. dxe4 1-0

[Event "Bad Ems Seniors 2nd"]
[Site "Bad Ems"]
[Date "2005.02.18"]
[Round "8"]
[White "Leschhorn, Heinrich"]
[Black "Huebner, Wolfgang"]
[Result "0-1"]
[WhiteElo "1737"]
[BlackElo "2080"]
[PlyCount "54"]
[EventDate "2005.02.12"]
[EventType "swiss"]
[EventRounds "9"]
[EventCountry "GER"]
[SourceTitle "EXT 2006"]
[Source "ChessBase"]
[SourceDate "2005.11.24"]
[SourceVersion "1"]
[SourceVersionDate "2005.11.24"]
[SourceQuality "1"]

1. Nf3 Nf6 2. c4 c5 3. g3 g6 4. Nc3 Bg7 5. Bg2 0-0 6. 0-0 Nc6 7. d3 d6 8. a3 e5 9. Rb1 a5 10. Bg5 h6 11. Bd2 Be6 12. Qc1 Kh7 13. Nb5 Qe7 14. Ne1 d5 15. b3 Rad8 16. cxd5 Nxd5 17. e4 Nf6 18. f3 b6 19. Rf2 Ne8 20. Bf1 Nd6 21. Nxd6 Rxd6 22. b4 axb4 23. axb4 cxb4 24. Bxb4 Nxb4 25. Rxb4 Rc8 26. Qb1 Qa7 27. Ra2 Qxa2 0-1

[Event "Oberliga NRW 0001 I"]
[Site "NRW"]
[Date "2001.03.18"]
[Round "7.8"]
[White "Huebner, Wolfgang"]
[Black "Majunke, Rainer"]
[Result "1/2-1/2"]
[WhiteElo "2150"]
[BlackElo "2047"]
[PlyCount "66"]
[EventDate "2000.09.24"]
[EventType "team"]
[EventRounds "9"]
[EventCountry "GER"]
[SourceTitle "EXT 2006"]
[Source "ChessBase"]
[SourceDate "2005.11.24"]
[SourceVersion "1"]
[SourceVersionDate "2005.11.24"]
[SourceQuality "1"]
[WhiteTeam "Koeln SF II"]
[BlackTeam "Betzdorf Kirchen"]
[WhiteTeamCountry "GER"]
[BlackTeamCountry "GER"]

1. e4 c5 2. Nf3 e6 3. c4 Nc6 4. d4 cxd4 5. Nxd4 Nf6 6. Nxc6 bxc6 7. Bd3 d5 8. exd5 cxd5 9. 0-0 Be7 10. Nc3 dxc4 11. Bxc4 Qxd1 12. Rxd1 0-0 13. Bf4 Bb7 14. Bb3 Rfd8 15. Be3 a6 16. f3 Kf8 17. Kf2 h6 18. Ke2 Rac8 19. Rxd8+ Rxd8 20. Bb6 Rc8 21. Rd1 Bb4 22. Bd4 Ke7 23. a3 Bd6 24. Kf2 Rb8 25. Bc4 Rc8 26. Ba2 Bc5 27. Bxc5+ Rxc5 28. Rd2 g6 29. Ke3 h5 30. h3 Rc7 31. f4 h4 32. Bb1 Nd5+ 33. Nxd5+ Bxd5 1/2-1/2